| 000 | 01042nam a2200289 4500 | ||
|---|---|---|---|
| 001 | 191775 | ||
| 003 | ES-MaACL | ||
| 005 | 20250824201732.0 | ||
| 008 | 221011s1987 sp a 001 0 spa | ||
| 017 |
_aM 2838-1987 _bOficina Depósito Legal Madrid |
||
| 020 | _a84-86168-21-X | ||
| 020 | _a84-368-0358-2 | ||
| 080 | _a82.081 | ||
| 080 | _a655.26 | ||
| 100 | 1 |
_aRichaudeau, François. _9171996 |
|
| 245 | 1 | 3 |
_aLa legibilidad : _binvestigaciones actuales / _cdirigidas por François Richaudeau ; [traducción, Fernando Jiménez]. |
| 260 |
_aSalamanca : _bFundación Germán Sánchez Ruipérez ; _aMadrid : _bPirámide, _c1987. |
||
| 300 |
_a212 p. : _bil. ; _c22 cm. |
||
| 490 | 1 | _aBiblioteca del libro. Serie "minor" | |
| 504 | _aBibliografía. | ||
| 650 | 7 |
_aLegibilidad. _9175486 |
|
| 710 | 2 |
_aFundación Germán Sánchez Ruipérez. _94313 |
|
| 830 | 1 | 0 |
_aBiblioteca del libro. _pSerie minor _9225216 |
| 852 | 4 |
_aES-MaACL _jA-15093 _9199057 _cDEPO1 _dOlim: 655.26 RIC leg |
|
| 942 | _2udc | ||
| 999 |
_c191775 _d191775 |
||